[Event "IECG QF.2003.0.00045"]
[Site "IECG email"]
[Date "2003.09.21"]
[Round "2"]
[White "Salunga, Lordy"]
[Black "Lopriore, Nunzio"]
[Result "0-1"]
[WhiteElo "1000"]
[BlackElo "1105"]
[PlyCount "26"]
[EventDate "2003.09.21"]
[EventType "tourn (corr)"]
[EventRounds "6"]
[SourceTitle "Corr 2024"]
[Source "ChessBase"]
[SourceDate "2023.10.19"]
[SourceVersion "1"]
[SourceVersionDate "2023.10.19"]
[SourceQuality "1"]

1. e4 c6 2. d4 d5 3. Nc3 dxe4 4. Nxe4 Bf5 5. Ng3 Bg6 6. Nf3 e6 7. Ne5 Nf6 8. Bg5 Nbd7 9. Nxd7 Qxd7 10. Bxf6 gxf6 11. h4 h5 12. c3 0-0-0 13. Bd3 Bh6 0-1